|
|
|
|
| LEADER |
00000nam0a2200000 4500 |
| 001 |
78932 |
| 005 |
20231031094114.0 |
| 010 |
|
|
|a 575670177X
|
| 035 |
|
|
|a (RuTPU)RU\TPU\book\84766
|
| 090 |
|
|
|a 78932
|
| 100 |
|
|
|a 20050706d2005 m y0rusy50 ca
|
| 101 |
0 |
|
|a rus
|
| 102 |
|
|
|a RU
|
| 105 |
|
|
|a a j 001zy
|
| 200 |
1 |
|
|a Экологическое проектирование и экспертиза
|e учебник для вузов
|f К. Н. Дьяконов, А. В. Дончева
|
| 210 |
|
|
|a Москва
|c Аспект Пресс
|d 2005
|
| 215 |
|
|
|a 384 с.
|c ил.
|
| 320 |
|
|
|a Литература: с. 328
|
| 320 |
|
|
|a Именной указатель: с. 329-330
|
| 320 |
|
|
|a Предметный указатель: с. 330-332
|
| 451 |
|
1 |
|0 (RuTPU)RU\TPU\book\44234
|y 5-7567-0166-4
|t Экологическое проектирование и экспертиза
|o Практика
|o учебное пособие
|f А. В. Дончева
|c М.
|n Аспект Пресс
|d 2002
|p 286 с.
|a Дончева, Алевтина Владимировна
|
| 610 |
1 |
|
|a экология
|
| 610 |
1 |
|
|a экологическое проектирование
|
| 610 |
1 |
|
|a экологическая экспертиза
|
| 610 |
1 |
|
|a методология
|
| 610 |
1 |
|
|a хозяйственная деятельность
|
| 610 |
1 |
|
|a оценка
|
| 610 |
1 |
|
|a окружающая среда
|
| 610 |
1 |
|
|a инженерно-экологические изыскания
|
| 610 |
1 |
|
|a экологическое обоснование
|
| 610 |
1 |
|
|a инновационные технологии
|
| 610 |
1 |
|
|a новые материалы
|
| 610 |
1 |
|
|a экологический паспорт
|
| 610 |
1 |
|
|a промышленная безопасность
|
| 610 |
1 |
|
|a декларации
|
| 610 |
1 |
|
|a природопользование
|
| 610 |
1 |
|
|a лицензии
|
| 610 |
1 |
|
|a градостроительные проекты
|
| 610 |
1 |
|
|a промышленные проекты
|
| 610 |
1 |
|
|a энергетические объекты
|
| 610 |
1 |
|
|a водохранилища
|
| 610 |
1 |
|
|a оросительные системы
|
| 610 |
1 |
|
|a мелиоративные системы
|
| 610 |
1 |
|
|a природоохранные объекты
|
| 610 |
1 |
|
|a Катунская ГЭС
|
| 610 |
1 |
|
|a высокоскоростные железнодорожные магистрали
|
| 610 |
1 |
|
|a Санкт-Петербург
|
| 610 |
1 |
|
|a Москва
|
| 610 |
1 |
|
|a учебники
|
| 675 |
|
|
|a 504.064(075.8)
|v 3
|
| 700 |
|
1 |
|a Дьяконов
|b К. Н.
|g Кирилл Николаевич
|
| 701 |
|
1 |
|a Дончева
|b А. В.
|g Алевтина Владимировна
|
| 801 |
|
1 |
|a RU
|b 63413507
|c 20050706
|g PSBO
|
| 801 |
|
2 |
|a RU
|b 63413507
|c 20100819
|g PSBO
|
| 900 |
|
|
|a Эколого-экономическое обоснование инженерных решений
|
| 900 |
|
|
|a Рациональное природопользование
|
| 900 |
|
|
|a Проектирование водохозяйственных систем
|
| 900 |
|
|
|a Экологическая экспертиза
|
| 900 |
|
|
|a Экологическое проектирование, ОВОС и сертификация
|
| 942 |
|
|
|c BK
|